000 00255nam a2200097Ia 4500
001 706185
005 20250826162444.0
008 250824s9999 xx 000 0 und d
245 0 _aFEDAİLERİN KALESİ ALAMUT
_cVLADEMİR BARTOL
260 _bKORİDOR YAYINLARI
999 _c706185
_d706185